logo

Bir Sreshtho Munshi Abdur Rouf Library
Jhenaidah Cadet College

মার্কিন রাষ্ট্রমণ্ডল / (Record no. 6146)

MARC details
000 -LEADER
fixed length control field 00748nam a2200229 a 4500
001 - CONTROL NUMBER
JCCL Control Number 6146
003 - CONTROL NUMBER IDENTIFIER
JCCL marc code BD-JhCC
005 - DATE AND TIME OF LATEST TRANSACTION
control field 20180114135533.0
008 - FIXED-LENGTH DATA ELEMENTS--GENERAL INFORMATION
fixed length control field 171009s1967 bg a|||| ||a| 000 0 ben d
035 ## - SYSTEM CONTROL NUMBER
system control number (BD-JhCC)6146
040 ## - CATALOGING SOURCE
Original cataloging agency BD-JhCC
Modifying agency BD-JhCC
041 ## - LANGUAGE CODE
Language code of Book ben
082 ## - DEWEY DECIMAL CLASSIFICATION NUMBER
Classification number 342.73
Author mark and Year BRI 1967
100 ## - MAIN ENTRY--PERSONAL NAME
Personal name ব্রাইস, জেমস
245 ## - TITLE STATEMENT
Title মার্কিন রাষ্ট্রমণ্ডল /
Statement of responsibility, etc জেমস ব্রাইস; আকবর উদ্দিন (অনুবাদ)
260 ## - PUBLICATION, DISTRIBUTION, ETC. (IMPRINT)
Place of publication, distribution, etc ঢাকা :
Name of publisher, distributor, etc খোশরোজ কিতাব মহল,
Date of publication, distribution, etc 1967.
300 ## - PHYSICAL DESCRIPTION
Pagination 345 p. :
Dimensions 22 cm.
650 ## - SUBJECT ADDED ENTRY--TOPICAL TERM
Topical term or geographic name as entry element Politics and government
Geographic subdivision United State
651 ## - SUBJECT ADDED ENTRY--GEOGRAPHIC NAME
Geographic name Bangladesh
942 ## - ADDED ENTRY ELEMENTS (KOHA)
Source of classification or shelving scheme Dewey Decimal Classification
Koha item type Books
Holdings
Source of classification or shelving scheme volume number Damaged status Not for loan Home library Current library Shelving location Date of accession Cost, normal purchase price Total Checkouts Full call number Barcode Date last seen Copy number Koha item type
Dewey Decimal Classification V-2     JCC Rouf Library JCC Rouf Library General Stacks 01/14/2018 5.00   342.73 BRI 1967 8513 01/14/2018 C-1 Books

JCC Library | Contacts | JCC Home

Last Update on 23 September 2017
Copyright @ 2017-2020 JCC Rouf Library
Rouf Library, Jhenidah Cadet College (JCC), Bangladesh